000 00295nam a2200109Ia 4500
008 220204s9999 xx 000 0 und d
082 _a35(035)
_bSUT
100 _aSutherland, J W
245 0 _aManagement handbook for public administration
260 _aNew York
_bVan Nostrand
_c1978
942 _cBK
999 _c33720
_d33720